Logo BPK

Biblioteka

Politechniki Koszalińskiej

Bautabellen für Ingenieure : (Rekord nr 34227)

Szczegóły MARC
000 -ETYKIETA REKORDU
podpole kontrolne o stałej długości 00833nam a2200265 i 4500
001 - NUMER KONTROLNY REKORDU
pole kontrolne bg
020 ## - MIĘDZYNARODOWY ZNORMALIZOWANY NUMER KSIĄŻKI - ISBN
ISBN 3804134777
040 ## - ŹRÓDŁO KATALOGOWANIA
Instytucja, która utworzyła rekord BPK
041 0# - KOD JĘZYKA
Kod języka tekstu de
080 ## - UNIWERSALNA KLASYFIKACJA DZIESIĘTNA - UKD
UKD 624.01/.07+69](083)
920 ## - Międzynarodowy znormalizowany numer książki – ISBN
ISBN 3-8041-3477-7
008 - POLE O STAŁEJ DŁUGOŚCI - DANE KONTROLNE
podpole kontrolne o stałej długości s pl f |000 0 pol
245 00 - TYTUŁ/ODPOWIEDZIALNOŚĆ
Tytuł Bautabellen für Ingenieure :
Ciąg dalszy tytułu mit Berechnungshinweisen und Beispielen /
Pozostałe elementy strefy tytułu i oznaczenia odpowiedzialności hrsg. von Klaus-Jürgen Schneider ; mit Beitr. von Rudolf Bertig [et al.].
250 ## - STREFA WYDANIA
Oznaczenie wydania 13. Aufl.
260 ## - STREFA ADRESU WYDAWNICZEGO
Miejsce wydania Düsseldorf :
Nazwa wydawcy/dystrybutora Werner,
Data publikacji, dystrybucji/powstania dokumentu 1998.
300 ## - STREFA OPISU FIZYCZNEGO
Objętość 1520 s. pag. varia :
Inne cechy fizyczne rys., wykr. ;
Rozmiary 25 cm +
Dokument towarzyszący CD-ROM.
490 1# - STREFA SERII I DOKUMENTU WIELOCZĘŚCIOWEGO - FORMA NIE DO WYSZUKIWANIA
Tytuł i oznaczenie odpowiedzialności serii Werner-Ingenieur-Texte
650 #9 - HASŁO PRZEDMIOTOWE W FORMIE NAZWY OGÓLNEJ LUB JEDNOSTKOWEJ
Nazwa ogólna lub geograficzna Budownictwo
650 #9 - HASŁO PRZEDMIOTOWE W FORMIE NAZWY OGÓLNEJ LUB JEDNOSTKOWEJ
Nazwa ogólna lub geograficzna Konstrukcje budowlane
655 ## - TERMIN INDEKSOWY - OKREŚLENIE RODZAJU/FORMY DOKUMENTU
Określenie rodzaju/formy dokumentu Tablice i wzory
700 1# - HASŁO DODATKOWE - NAZWA OSOBOWA
Nazwa osobowa SCHNEIDER, Jürgen.
Określenie związku między hasłem a opisywanym materiałem Oprac.
700 1# - HASŁO DODATKOWE - NAZWA OSOBOWA
Nazwa osobowa BERTIG, Rudolf.
830 ## - HASŁO DODATKOWE SERII LUB DOKUMENTU WIELOCZĘŚCIOWEGO - TYTUŁ UJEDNOLICONY
Tytuł ujednolicony Werner-Ingenieur-Texte
856 ## - LOKALIZACJA I DOSTĘP DO ELEKTRONICZNYCH DOKUMENTÓW ZDALNYCH
Link (URL) http://koha.tu.koszalin.pl/cgi-bin/koha/opac-detail.pl?biblionumber=34227
Tekst linku Katalog online BPK
942 ## - DODATKOWE ELEMENTY (KOHA)
Typ dokumentu Książka
Egzemplarze
Wycofany Status egzemplarza Uszkodzony Dostępność Lokalizacja stała Lokalizacja bieżąca Miejsce przechowywania Sygnatura Kod kreskowy Typ dokumentu
      Dostępny Biblioteka Politechniki Koszalińskiej Biblioteka Politechniki Koszalińskiej Wypożyczalnia BG 46910 01381207 Książka
© 2023 Biblioteka Politechniki Koszalińskiej :: KOHA